[Event "Titled Tue 29th Oct Early"]
[Site "chess.com INT"]
[Date "2024.10.29"]
[Round "5"]
[White "Andreikin, D."]
[Black "Bjerre, Jonas Buhl"]
[Result "1-0"]
[WhiteElo "2729"]
[BlackElo "2650"]
[PlyCount "135"]
[EventDate "2024.10.29"]

1. d4 Nf6 2. c4 e6 3. Nf3 d5 4. Bg5 h6 5. Bxf6 Qxf6 6. e3 Bb4+ 7. Nbd2 O-O 8. a3 Bxd2+ 9. Qxd2 dxc4 10. Bxc4 b6 11. Rc1 Bb7 12. Be2 Rc8 13. O-O Nd7 14. Bb5 $146 ({RR} 14. b4 e5 15. Qb2 exd4 16. Qxd4 Qe7 17. Rfd1 Nf8 18. Qe5 Ne6 19. Nd4 Qd6 20. Qxd6 cxd6 21. Rxc8+ Rxc8 22. Nf5 Rc2 23. Bd3 Ra2 24. Nxd6 Bc6 25. Bc4 Rxa3 26. b5 Ba8 27. h4 Ra4 28. f3 Kf8 {Dziuba,M (2578)-Socko,B (2632) Legnica 2021 ½-½ (48)}) ({RR} 14. b4 e5 15. Qb2 exd4 16. Qxd4 Qe7 17. Rfd1 Nf8 18. Qe5 Ne6 19. Nd4 Qd6 20. Qxd6 cxd6 21. Rxc8+ Rxc8 22. Nf5 Rc2 23. Bd3 Ra2 24. Nxd6 Bc6 25. Bc4 Rxa3 26. b5 Ba8 27. h4 Ra4 28. f3 Kf8 {Dziuba,M (2578)-Socko,B (2632) Legnica 2021 ½-½ (48)}) 14... c6 15. Ba4 b5 16. Bd1 c5 17. Be2 a6 18. Qa5 cxd4 19. Nxd4 Ne5 20. Qb6 Qe7 21. h3 Qd7 22. Rfd1 Rxc1 23. Rxc1 Rc8 24. Rc5 Rxc5 25. Qxc5 Qd5 26. Qxd5 Bxd5 27. f4 Nd7 28. b4 Nb6 29. Bd3 Kf8 30. Kf2 Ke7 31. e4 Bc4 32. Bc2 Kd6 33. e5+ Kd7 34. Nb3 Bxb3 35. Bxb3 g6 36. Ke3 Kc6 37. Kd4 Nc8 38. g4 Ne7 39. Bc2 Kb6 40. Be4 Nc6+ 41. Kc3 Ne7 42. h4 Kc7 43. Kd4 Kb6 44. Bc2 Nc6+ 45. Ke4 Ne7 46. Bb3 Kc6 47. a4 Kb6 48. a5+ Kc6 49. Kd4 h5 50. gxh5 gxh5 51. Bd1 Nf5+ 52. Ke4 Ng3+ 53. Kd3 Kd7 54. Bf3 Kc7 55. Kd4 Nf5+ 56. Ke4 Nxh4 57. Bxh5 Ng6 58. Bxg6 fxg6 59. Kf3 Kc6 60. Kg4 Kd5 61. Kg5 Kc4 62. Kxg6 Kxb4 63. f5 exf5 64. e6 Kxa5 65. e7 b4 66. e8=Q b3 67. Kxf5 Kb4 68. Qe1+ 1-0

[Event "chess.com SpeedChess 2024"]
[Site "chess.com INT"]
[Date "2024.08.06"]
[Round "2.20"]
[White "Caruana, F."]
[Black "Firouzja, Alireza"]
[Result "1-0"]
[WhiteElo "2796"]
[BlackElo "2744"]
[PlyCount "135"]
[EventDate "2024.07.25"]
[EventType "k.o."]

1. d4 Nf6 2. Nf3 d5 3. c4 e6 4. e3 Bd6 5. Nc3 O-O 6. Bd3 ({RR} 6. c5 Be7 7. b4 b6 8. a3 c6 9. Bd3 Ba6 10. O-O Qc7 11. Bxa6 Nxa6 12. Qd3 Nb8 13. Bd2 Nbd7 14. Rfc1 bxc5 15. bxc5 e5 16. Qf1 e4 17. Ne1 Ng4 18. g3 h5 19. Rab1 Rfb8 20. Nc2 Nf8 {Nakamura,H (2768)-Yu Yangyi (2729) chess.com INT 2023 1-0 (56)}) 6... b6 ({RR} 6... dxc4 7. Bxc4 Nc6 8. O-O e5 9. d5 Ne7 10. e4 a6 11. Re1 Ng6 12. h3 Nh5 13. Bf1 Ngf4 14. Kh2 Bc5 15. Be3 Bxe3 16. Rxe3 Qd6 17. Rc1 Bd7 18. Nd2 Qh6 19. Nc4 Rae8 20. d6 c5 21. Nd5 {Tudor,H (2460)-Bluebaum,M (2694) chess.com INT 2026 0-1 (73)}) 7. cxd5 exd5 8. O-O c5 $146 ({RR} 8... Re8 9. Qc2 Bb7 10. Bd2 a6 11. Ne2 Nbd7 12. b4 Ne4 13. Ng3 g6 14. a3 h5 15. Ne2 h4 16. Ne1 Ndf6 17. f3 Nxd2 18. Qxd2 Qe7 19. Nc2 Nh5 20. Nc3 Rad8 21. f4 c5 22. bxc5 bxc5 23. Rae1 {Gruener,A-Likavsky,T (2453) Pfaeffikon 2003 0-1 (33)}) 9. Ne5 Re8 10. f4 Ba6 11. Bxa6 Nxa6 12. Bd2 Nc7 13. Be1 cxd4 14. exd4 Ne4 15. Qf3 Nxc3 16. Bxc3 f6 17. Ng4 Qd7 18. f5 Re4 19. Rae1 Rae8 20. g3 a5 21. Nf2 Rxe1 22. Rxe1 Rxe1+ 23. Bxe1 Qa4 24. Qc3 h6 25. a3 Qe8 26. Bd2 Kh7 27. Qd3 Qb5 28. Qxb5 Nxb5 29. Be3 h5 30. Kf1 g6 31. fxg6+ Kxg6 32. Ke2 Kf5 33. Kf3 a4 34. h3 Na7 35. g4+ hxg4+ 36. Nxg4 Nc6 37. h4 Na5 38. h5 Nc4 39. Bc1 b5 40. Nf2 Bf8 41. Nd3 Nb6 42. Nc5 Nc4 43. Nd7 Be7 44. Nc5 Bxc5 45. dxc5 Ne5+ 46. Ke3 Nc6 47. Kd3 Ke6 48. Ke3 Kf7 49. Kf4 Kg7 50. Kf5 Kf7 51. Be3 Ne7+ 52. Kf4 Nc6 53. Bd2 Ke6 54. h6 Kf7 55. h7 Kg7 56. Bc3 Kxh7 57. Kf5 d4 58. Bd2 Kg7 59. Ke6 d3 60. Kd6 Ne5 61. c6 Nc4+ 62. Ke6 Nxd2 63. c7 Nc4 64. c8=Q d2 65. Qd7+ Kh6 66. Kxf6 Kh5 67. Qd4 Nxb2 68. Qxd2 1-0

[Event "Chessable Masters Div 3 L"]
[Site "chess.com INT"]
[Date "2023.04.06"]
[Round "7.1"]
[White "Sarana, A."]
[Black "Bluebaum, M."]
[Result "1/2-1/2"]
[WhiteElo "2685"]
[BlackElo "2660"]
[PlyCount "134"]
[EventDate "2023.04.04"]
[EventType "k.o."]

1. d4 d5 2. c4 e6 3. Nf3 Nf6 4. g3 Bb4+ 5. Bd2 Be7 6. Bg2 O-O 7. Qc2 Nbd7 8. O-O c6 9. Bf4 b6 10. Nbd2 Nh5 11. e3 Bb7 12. h4 ({RR} 12. cxd5 cxd5 13. Bc7 Qe8 14. Rfc1 Nhf6 15. Bf1 Nb8 16. Ne5 Na6 17. Qb3 Nxc7 18. Rxc7 Rb8 19. Rac1 Bd6 20. R7c2 Qe7 21. Qa4 Ra8 22. Ba6 Bxa6 23. Qxa6 Bxe5 24. dxe5 Nd7 25. Nf3 Qb4 {½-½ (25) Ding,L (2801)-Anand,V (2757) Kolkata 2019}) ({RR} 12. cxd5 cxd5 13. Rfc1 Nxf4 14. exf4 Rc8 15. Qa4 a6 16. Qb3 b5 17. a4 b4 18. Qd3 Bd6 19. Nb3 Qb6 20. Ne5 Nf6 21. Qe3 Rfd8 22. Nc5 Qa7 23. Ned3 a5 24. Bh3 Ne4 25. Nxb7 Qxb7 26. f5 Rxc1+ {Manko,M (2281)-Dwilewicz,K (2131) Chotowa POL 2026 1-0 (70)}) 12... Nxf4 13. exf4 dxc4 $146 ({RR} 13... c5 14. dxc5 Nxc5 15. Ng5 g6 16. b4 Nd7 17. cxd5 exd5 18. Qb3 Nf6 19. Rad1 Re8 20. Ngf3 Bf8 21. Ne5 Bg7 22. Rc1 Qd6 23. Ndf3 Nd7 24. Rce1 Nxe5 25. fxe5 Bxe5 26. Nxe5 Rxe5 27. Rxe5 Qxe5 {½-½ (27) Pingin,A (2399)-Drygalov,A (2455) Sochi RUS 2024}) 14. Nxc4 Qc7 15. Nce5 Nxe5 16. Nxe5 c5 17. dxc5 Bxc5 18. Rfd1 Rfd8 19. a3 a5 20. Rac1 Bxg2 21. Kxg2 Qb7+ 22. Kg1 f6 23. Nd3 Bd4 24. Qe2 Rd6 25. Ne1 Rad8 26. Nf3 Bxb2 27. Rxd6 Rxd6 28. Re1 Bxa3 29. f5 Bb4 30. fxe6 Qe7 31. Rc1 Qxe6 32. Qa6 Rd8 33. Qb7 Bc5 34. Re1 Qd5 35. Qc7 h5 36. Kg2 Kh7 37. Re2 Rd7 38. Qc8 Rd8 39. Qc7 Qd7 40. Qf4 Re8 41. Rd2 Qg4 42. Qc7 Re7 43. Qc6 Qe6 44. Qb5 Qe4 45. Rd1 Qe2 46. Qb1+ Qe4 47. Qb5 Qc2 48. Rd2 Qf5 49. Rd8 Qe6 50. Rd1 Qe4 51. Re1 Qc2 52. Rxe7 Qxf2+ 53. Kh3 Bxe7 54. Qxh5+ Kg8 55. Qd5+ Kh8 56. Qh5+ Kg8 57. Qd5+ Kf8 58. Nd4 Qf1+ 59. Kh2 Qf2+ 60. Kh3 Qf1+ 61. Kh2 Bc5 62. Qd8+ Kf7 63. Qd7+ Kg8 64. Qd5+ Kf8 65. Qd8+ Kf7 66. Qd7+ Kg8 67. Qd5+ Kf8 1/2-1/2

[Event "Titled Tue 29th Nov Late"]
[Site "chess.com INT"]
[Date "2022.11.29"]
[Round "11"]
[White "Deac, Bogdan-Daniel"]
[Black "Carlsen, M."]
[Result "0-1"]
[WhiteElo "2700"]
[BlackElo "2859"]
[PlyCount "132"]
[EventDate "2022.11.29"]

1. d4 d5 2. c4 e6 3. Nf3 Nf6 4. g3 Bb4+ 5. Bd2 a5 6. Bg2 dxc4 7. Qc2 b6 8. Qxc4 Bb7 9. Bxb4 axb4 10. O-O Nc6 11. Nbd2 O-O 12. Rfc1 h6 $146 ({RR} 12... Nd5 13. Qc2 h6 14. Nc4 Ra7 15. Nce5 Nde7 16. Nxc6 Bxc6 17. e3 Qa8 18. Ng5 hxg5 19. Bxc6 Nxc6 20. Qxc6 Qxc6 21. Rxc6 Rfa8 22. Rac1 Rxa2 23. Rxc7 Rxb2 24. Rc8+ Rxc8 25. Rxc8+ Kh7 26. Rb8 g4 27. Rxb6 {Grischuk,A (2764)-Carlsen,M (2856) Warsaw 2021 1-0 (58)}) ({RR} 12... Ra7 13. e3 Nd5 14. Ne1 Qa8 15. Qb3 Rd8 16. Nc4 h6 17. h4 Na5 18. Nxa5 Rxa5 19. e4 Nf6 20. d5 exd5 21. Rxc7 Rc5 22. Re7 Kf8 23. Re5 dxe4 24. Qxb4 Qa5 25. Qxa5 Rxa5 26. Rxa5 bxa5 27. Rb1 {Novozhilov,S (2450)-Nesterov,A (2598) Moscow RUS 2026 0-1 (34)}) 13. e3 Ra7 14. Ne1 Nd5 15. Qb3 Qd7 16. Nd3 Rfa8 17. Nc4 Qd8 18. Nde5 Nxe5 19. Nxe5 Qd6 20. Nd3 Qe7 21. h4 Ra4 22. Rc2 R8a5 23. Rac1 c6 24. Ne5 c5 25. Nc4 Ra6 26. e4 b5 27. exd5 bxc4 28. Rxc4 Bxd5 29. Bxd5 exd5 30. Rxc5 Rxa2 31. Rxd5 Ra1 32. Rdc5 Qxc5 33. dxc5 Rxc1+ 34. Kg2 Rxc5 35. Qxb4 Rc8 36. Qb7 Raa8 37. b4 Rab8 38. Qe4 Rc7 39. Qf4 Rcb7 40. Qd6 Rxb4 41. Qc5 Rb2 42. Qe5 R2b5 43. Qd6 Ra8 44. Qc6 Rba5 45. g4 Ra2 46. Kg3 R2a6 47. Qb7 Ra3+ 48. f3 R3a7 49. Qb6 Ra6 50. Qb7 R6a7 51. Qb6 Re7 52. Qc6 Rae8 53. g5 Re6 54. Qd7 h5 55. Qd5 g6 56. Qd7 Re5 57. Qd6 R8e6 58. Qd8+ Kh7 59. Qd4 Rf5 60. Qd3 Re1 61. Qc3 Rg1+ 62. Kf2 Rg4 63. Qc7 Rxh4 64. Kg3 Rd4 65. Qe7 Rdf4 66. Qe3 Rxf3+ 0-1

[Event "TechM GCL 2024"]
[Site "London ENG"]
[Date "2024.10.10"]
[Round "9.1"]
[White "Vidit, S."]
[Black "Duda, J."]
[Result "0-1"]
[WhiteElo "2726"]
[BlackElo "2740"]
[PlyCount "132"]
[EventDate "2024.10.03"]
[EventType "team"]
[WhiteTeam "Mumba Masters"]
[BlackTeam "American Gambits"]

1. d4 d5 2. c4 e6 3. Nf3 c6 4. Nbd2 f5 5. g3 Nf6 6. Bg2 Bd6 7. O-O O-O 8. Ne5 Nbd7 9. Ndf3 ({RR} 9. Nd3 b6 10. Qc2 Bb7 11. Nf3 Rc8 12. Bf4 Bxf4 13. Nxf4 Re8 14. Rfd1 Ne4 15. b4 Ba6 16. c5 bxc5 17. bxc5 Qa5 18. e3 g5 19. Nd3 Bxd3 20. Rxd3 Rb8 21. h4 g4 22. Nd2 Nxd2 23. Qxd2 Qxd2 {Postny,E (2577)-Anton Guijarro,D (2669) chess.com INT 2024 0-1 (74)}) 9... Bxe5 ({RR} 9... Qe7 10. Bf4 Ne4 11. Qc2 Ndf6 12. Nd3 Bd7 13. Bxd6 Qxd6 14. c5 Qc7 15. Nfe5 Be8 16. b4 Ng5 17. a4 Nf7 18. Nxf7 Rxf7 19. Rfb1 a6 20. e3 g5 21. Ne5 Rg7 22. b5 axb5 23. axb5 Rxa1 24. Rxa1 {Floor,D (2185)-Rogiers,J (2023) Belgium BEL 2026 1-0 (38)}) 10. dxe5 $146 ({RR} 10. Nxe5 Nxe5 11. dxe5 Nd7 12. f4 Nb6 13. cxd5 cxd5 14. b3 Bd7 15. Be3 Bc6 16. Bd4 Rf7 17. Qd2 Nd7 18. Rfc1 h6 19. e3 g5 20. Bf3 Rg7 21. Kh1 h5 22. Rg1 g4 23. Bg2 h4 24. Rgc1 Kf7 {Kunte,A (2551)-Joshi,G (2269) New Delhi 2006 ½-½ (34)}) 10... Ne4 11. b3 Qe7 12. a4 Rd8 13. Qc2 a5 14. Ba3 Qe8 15. Rac1 b6 16. cxd5 cxd5 17. Nd4 Nxe5 18. Qc7 Nf7 19. Qxb6 Bd7 20. Rc7 Rdb8 21. Rb7 e5 22. Nb5 Rxb7 23. Qxb7 Bc6 24. Qb6 Rb8 25. Qxa5 Bxb5 26. axb5 Rxb5 27. Qa6 Rxb3 28. Rc1 Rb8 29. Rc7 Nf6 30. Be7 Ra8 31. Qe6 e4 32. Qxf5 Nh6 33. Qe6+ Kh8 34. Bh3 Nhg8 35. Bc5 Qh5 36. Qf7 Qxf7 37. Rxf7 Ra2 38. Bf8 Ne8 39. Bd7 Ngf6 40. Bxe8 Nxe8 41. Rd7 Kg8 42. Bc5 Nf6 43. Rd8+ Kf7 44. e3 Ng4 45. Rxd5 Ke6 46. Rd6+ Ke5 47. Rd7 Nxf2 48. Bd4+ Ke6 49. Rxg7 h5 50. Rg6+ Ke7 51. Kf1 Ng4 52. h3 Nh2+ 53. Ke1 Nf3+ 54. Kd1 Rh2 55. g4 h4 56. g5 Rxh3 57. Rg7+ Ke6 58. g6 Rg3 59. Rg8 h3 60. g7 h2 61. Rh8 Rg2 62. Bc3 Kd5 63. Rh5+ Kc4 64. Be1 Rxg7 65. Bf2 Kd3 66. Rd5+ Kc3 0-1

[Event "FRA-chT Top 16 GpA"]
[Site "Chartres"]
[Date "2022.06.09"]
[Round "1.4"]
[White "Malakhov, Vladimir"]
[Black "Abasov, Nijat Azad"]
[Result "0-1"]
[WhiteElo "2652"]
[BlackElo "2635"]
[PlyCount "130"]
[EventDate "2022.06.09"]
[EventType "team-tourn"]
[EventRounds "7"]
[EventCountry "FRA"]
[SourceTitle "CBM 208 Extra"]
[Source "ChessBase"]
[SourceDate "2022.07.31"]
[SourceVersion "1"]
[SourceVersionDate "2022.07.31"]
[SourceQuality "1"]
[WhiteTeam "Tremblay en France"]
[BlackTeam "Grasse Echecs"]
[WhiteTeamCountry "FRA"]
[BlackTeamCountry "FRA"]

1. Nf3 d5 2. e3 Nf6 3. c4 e6 4. d4 a6 5. b3 c5 6. Bd3 cxd4 7. exd4 b6 8. O-O Bb7 9. Bb2 Be7 10. Nbd2 Nbd7 11. Qe2 O-O 12. Rac1 ({RR} 12. Ne5 dxc4 13. bxc4 Nxe5 14. dxe5 Nd7 15. Ne4 Nc5 16. Nf6+ Bxf6 17. Bxh7+ Kxh7 18. Qh5+ Kg8 19. exf6 e5 20. fxg7 Kxg7 21. Rad1 Qe7 22. Rfe1 f6 23. Re3 Rg8 24. Rg3+ Kf8 25. Qh6+ Kf7 26. Qh7+ Ke6 {Andreikin,D (2733)-Abasov,N (2655) Ulcinj 2019 ½-½ (34)}) 12... dxc4 13. bxc4 Qc7 $146 ({RR} 13... b5 14. c5 Bd5 15. a4 bxa4 16. Ra1 Bc6 17. Nc4 Nd5 18. Nfe5 Nxe5 19. Nxe5 Bb5 20. Bxb5 axb5 21. Qxb5 Qb8 22. Qe2 Qc7 23. Nc4 Rfb8 24. Qc2 Qc6 25. Ne5 Qa6 26. Ba3 Rb3 27. Rfb1 Qb5 28. Rxb3 {Balacek,T (2334)-Zeman,M (2247) Czech Republic 2019 ½-½ (60)}) 14. Ng5 Qf4 15. Nh3 Qg4 16. f3 Qh5 17. Nf2 Rfe8 18. Nde4 Rac8 19. Rb1 Nxe4 20. Nxe4 Bc6 21. Bc1 f5 22. Nc3 Bd6 23. f4 Qg6 24. Bd2 Bc7 25. Qf2 Nf6 26. h3 b5 27. cxb5 axb5 28. Bxb5 Ba5 29. Bxc6 Rxc6 30. Qf3 Rec8 31. Rb8 Qe8 32. Rxc8 Qxc8 33. Nb1 Bb6 34. Qd3 Qa6 35. Qxa6 Bxd4+ 36. Kh2 Rxa6 37. Bc3 Bc5 38. Bxf6 gxf6 39. a3 Kf7 40. Rf3 Ra4 41. g3 h5 42. Rc3 Bd6 43. Rd3 Ke7 44. h4 Ra5 45. Nd2 Rc5 46. Nf1 Rc2+ 47. Kh3 Ra2 48. Ne3 Bxa3 49. Nc2 Bc5 50. Nd4 Bxd4 51. Rxd4 e5 52. Rd5 e4 53. Rxf5 e3 54. Rb5 Rf2 55. Rb4 f5 56. Rb5 e2 57. Re5+ Kd6 58. g4 hxg4+ 59. Kg3 Rf3+ 60. Kg2 Rxf4 61. Rxe2 Rf3 62. Re8 Rh3 63. Rh8 Ke5 64. h5 Kf6 65. h6 Ke5 0-1

[Event "Titled Tue 2nd May Late"]
[Site "chess.com INT"]
[Date "2023.05.02"]
[Round "5"]
[White "Nakamura, Hi"]
[Black "Kovalenko, I."]
[Result "1-0"]
[WhiteElo "2775"]
[BlackElo "2674"]
[PlyCount "129"]
[EventDate "2023.05.02"]

1. Nf3 d5 2. e3 c6 3. c4 e6 4. d4 Nd7 5. Bd3 g6 $146 ({RR} 5... f5 6. cxd5 cxd5 7. O-O Bd6 8. Nc3 Nh6 9. Bd2 O-O 10. Nb5 Nf7 11. Qb3 Bb8 12. Bb4 Re8 13. a4 a6 14. Nc3 g5 15. Ne1 Nf6 16. Ne2 Ng4 17. g3 h5 18. Ng2 h4 19. f3 Nf6 20. gxh4 {Markovic,M-Popov,V Sofia 1947 1-0 (31)}) ({RR} 5... Ngf6 6. b3 Ne4 7. Bb2 Bd6 8. O-O O-O 9. Qc2 f5 10. Nc3 Qf6 11. Ne2 g5 12. g3 a5 13. a4 Qg6 14. Ba3 Bb4 15. Bxb4 axb4 16. Qc1 b6 17. cxd5 exd5 18. Qb2 Ra5 19. Rfc1 Qh5 20. Kg2 {Jin,A (2618)-Anton Guijarro,D (2935) Chess.com 2024 0-1}) ({RR} 5... dxc4 6. Bxc4 b5 7. Bd3 Bb7 8. Nc3 a6 9. O-O c5 10. Re1 Ngf6 11. b3 cxd4 12. exd4 Bb4 13. Bd2 O-O 14. a3 Bd6 15. Bc2 Rc8 16. Ne5 Rc7 17. b4 Qa8 18. f3 Rfc8 19. Bb3 Rxc3 20. Bxc3 {Kavin Mohan (2244)-Zhao,C (2514) Hong Kong HKG 2026 0-1 (34)}) 6. e4 dxe4 7. Bxe4 Bg7 8. O-O Ne7 9. Bf4 O-O 10. Nc3 b6 11. Nb5 Nf6 12. Nd6 Nxe4 13. Nxe4 Nf5 14. c5 Ba6 15. Re1 Nxd4 16. Bd6 Nxf3+ 17. Qxf3 Re8 18. Rad1 Bc4 19. Be5 Bd5 20. Bxg7 Kxg7 21. Qc3+ f6 22. a3 bxc5 23. Nxc5 e5 24. b4 Qe7 25. f4 e4 26. Rd4 Qd6 27. g3 Qe7 28. Nxe4 Bxe4 29. Rdxe4 Qxe4 30. Rxe4 Rxe4 31. Qxc6 Rae8 32. Qa6 R8e7 33. Kf2 f5 34. Qd3 Kh6 35. b5 R7e6 36. Kf3 Re7 37. h3 Kg7 38. g4 fxg4+ 39. hxg4 Re1 40. a4 R1e6 41. a5 Rf7 42. Qd4+ Kg8 43. Kg3 Ref6 44. b6 axb6 45. a6 Rc6 46. Kh4 Rc5 47. Qd8+ Kg7 48. Qxb6 Rcc7 49. Qd4+ Kf8 50. Kg5 Rfd7 51. Qh8+ Ke7 52. Qxh7+ Kd6 53. Qxg6+ Kc5 54. Qc2+ Kb6 55. Qb2+ Kxa6 56. f5 Rg7+ 57. Kh4 Rh7+ 58. Kg3 Rb7 59. Qa2+ Kb5 60. Qd5+ Kb6 61. f6 Rbd7 62. Qe6+ Kc7 63. g5 Rd6 64. Qe5 Kd7 65. Qf5+ 1-0

[Event "AI Cup Div 2 W"]
[Site "chess.com INT"]
[Date "2023.09.26"]
[Round "2.3"]
[White "Duda, J."]
[Black "Artemiev, V."]
[Result "0-1"]
[WhiteElo "2726"]
[BlackElo "2697"]
[PlyCount "130"]
[EventDate "2023.09.25"]
[EventType "k.o."]

1. d4 d5 2. c4 e6 3. Nf3 Nf6 4. g3 Bb4+ 5. Bd2 Be7 6. Bg2 Nbd7 7. O-O c6 8. Qc2 b6 ({RR} 8... Ne4 9. Nc3 f5 10. Rad1 Nxd2 11. Rxd2 O-O 12. e3 Bd6 13. Rb1 a5 14. Ne2 Qe7 15. Nf4 Nf6 16. c5 Bc7 17. Nd3 Bd7 18. Nfe5 Be8 19. Rc1 g5 20. f3 Kh8 21. Re2 Qg7 22. Rb1 g4 23. f4 {Gelfand,B (2652)-Praggnanandhaa,R (2779) Samarkand UZB 2025 0-1 (65)}) 9. Rd1 ({RR} 9. b3 a5 10. Rd1 O-O 11. Bf4 Ba6 12. Ne5 Rc8 13. Nc3 Nxe5 14. dxe5 Nd7 15. cxd5 cxd5 16. Qb2 Bb4 17. Na4 b5 18. a3 Be7 19. Nc3 b4 20. axb4 Bxb4 21. Na4 Nb6 22. Bd2 Nxa4 23. bxa4 Rb8 {Stany,G (2441)-Lou Yiping (2429) Budapest HUN 2026 ½-½ (49)}) 9... Bb7 10. Nc3 $146 ({RR} 10. Bf4 Rc8 11. Nbd2 Nh5 12. Be3 O-O 13. Rac1 Nhf6 14. Bf4 c5 15. dxc5 Bxc5 16. Nb3 Qe7 17. Nxc5 Rxc5 18. Qa4 Ra5 19. Qb3 Nc5 20. Qe3 Rxa2 21. b4 Nce4 22. cxd5 Bxd5 23. Rc7 Qxb4 24. Ne5 Qb2 {Bykova,A (2247)-Shuvalova,P (2446) Moscow 2019 1-0 (41)}) 10... O-O 11. e4 dxc4 12. e5 Nd5 13. Ne4 h6 14. Qxc4 c5 15. dxc5 bxc5 16. Qc1 Nb4 17. Ne1 Bd5 18. a3 Nc6 19. Bc3 Rc8 20. Qe3 Ncxe5 21. Bxe5 Nxe5 22. Nc3 Nc4 23. Qe2 Nb6 24. a4 Bf6 25. a5 Bxc3 26. bxc3 Nc4 27. Ra4 Nxa5 28. c4 Nxc4 29. Bxd5 exd5 30. Rxc4 Re8 31. Qf1 dxc4 32. Rxd8 Rcxd8 33. Nc2 c3 34. Qb5 Re4 35. Qxc5 Re2 36. Qxc3 Rd1+ 37. Kg2 Rdd2 38. Qc8+ Kh7 39. Qf5+ Kg8 40. Na3 Rxf2+ 41. Qxf2 Rxf2+ 42. Kxf2 a5 43. Ke3 Kh7 44. Nc4 a4 45. Kd4 Kg6 46. Ne3 Kf6 47. Kc4 Ke5 48. Kb4 Ke4 49. Nc4 Kf3 50. Ne5+ Kg2 51. Nxf7 Kxh2 52. g4 Kg3 53. g5 h5 54. Nd6 g6 55. Kxa4 h4 56. Nf5+ Kg4 57. Ne3+ Kxg5 58. Kb4 Kf4 59. Nf1 g5 60. Kc3 Kf3 61. Kd3 h3 62. Nh2+ Kg2 63. Ng4 h2 64. Nxh2 Kxh2 65. Ke3 g4 0-1

[Event "Porto Vecchio m"]
[Site "Porto Vecchio"]
[Date "2008.05.22"]
[Round "2"]
[White "Bacrot, Etienne"]
[Black "Tkachiev, Vladislav"]
[Result "0-1"]
[WhiteElo "2700"]
[BlackElo "2657"]
[PlyCount "130"]
[EventDate "2008.05.22"]
[EventType "match"]
[EventRounds "2"]
[EventCountry "FRA"]
[SourceTitle "CBM 124 Extra"]
[Source "ChessBase"]
[SourceDate "2008.07.03"]
[SourceVersion "1"]
[SourceVersionDate "2008.07.03"]
[SourceQuality "1"]

1. d4 d5 2. Nf3 Nf6 3. c4 c6 4. e3 e6 5. b3 c5 6. Be2 cxd4 ({RR} 6... dxc4 7. bxc4 b6 8. O-O Bb7 9. Bb2 cxd4 10. exd4 Be7 11. Nbd2 O-O 12. Ne5 Nbd7 13. f4 Rc8 14. Rc1 Ne8 15. Bf3 Bxf3 16. Qxf3 Nb8 17. Qh3 Nc6 18. Nxc6 Rxc6 19. Nf3 {½-½ (19) Hornak,P (1751)-Hozda,M (1956) Prague 2021}) ({RR} 6... Nc6 7. O-O cxd4 8. exd4 Be7 9. Bb2 O-O 10. Nbd2 b6 11. Re1 Bb7 12. Bf1 Qc7 13. Rc1 Rad8 14. Qc2 Rfe8 15. a3 Qb8 16. c5 bxc5 17. dxc5 a5 18. Ne5 Nd7 19. Nxd7 Rxd7 20. b4 axb4 21. axb4 {Bacrot,E (2695)-Fridman,D (2621) Ajaccio 2007 0-1 (48)}) 7. exd4 Be7 8. O-O O-O 9. Bb2 $146 ({RR} 9. Nc3 dxc4 10. bxc4 Nc6 11. Bf4 Bd6 12. Bg5 h6 13. Bh4 Bb4 14. Rc1 g5 15. Bg3 Nh5 16. d5 Nxg3 17. hxg3 Ne7 18. Qb3 Bxc3 19. Rxc3 exd5 20. Rd1 Qd6 21. cxd5 Rd8 22. Nd2 Bf5 23. Qxb7 Rab8 {Voiteanu,C (2182)-Raja,H (2247) Abu Dhabi 2015 1-0 (57)}) 9... b6 10. Nc3 Bb7 11. Rc1 Nbd7 12. Re1 Qb8 13. Bd3 Rd8 14. Qe2 Qf4 15. Qe3 Bd6 16. Nb5 Ng4 17. Qxf4 Bxf4 18. Rcd1 dxc4 19. bxc4 a6 20. Nc3 Ngf6 21. Nd2 Ne5 22. Rxe5 Bxe5 23. dxe5 Rxd3 24. exf6 gxf6 25. Nb3 Rxd1+ 26. Nxd1 e5 27. Ne3 Rc8 28. Kf1 h5 29. Ke2 Kh7 30. g3 Kg6 31. h4 Be4 32. Nd2 Bb7 33. f3 Re8 34. Ne4 Rd8 35. Nc3 b5 36. cxb5 axb5 37. Nc2 Bxf3+ 38. Ke3 Bc6 39. Nb4 Bd7 40. a3 Rc8 41. Ne4 Be6 42. Nd6 Rb8 43. Bc3 Ra8 44. Bb2 Rb8 45. Nc6 Rb6 46. Ne7+ Kh7 47. Ne4 Kg7 48. Bc3 Rb7 49. Bb4 Rc7 50. Nc3 Rb7 51. Ke4 Rb8 52. Ncd5 Rd8 53. Ne3 Rd4+ 54. Kf3 Rd7 55. N3f5+ Kh7 56. Ke4 Rc7 57. Ne3 Rd7 58. N7d5 Kg6 59. Ne7+ Kh7 60. N3d5 Kg7 61. Nc3 Bc4 62. Nf5+ Kg6 63. Nd6 Bf1 64. Nd5 Bg2+ 65. Ke3 Bxd5 0-1

[Event "CrunchLabs Masters PlayIn"]
[Site "chess.com INT"]
[Date "2024.07.17"]
[Round "4"]
[White "Yakubboev, Nodirbek"]
[Black "Anton Guijarro, D."]
[Result "1/2-1/2"]
[WhiteElo "2648"]
[BlackElo "2669"]
[PlyCount "127"]
[EventDate "2024.07.17"]

1. d4 {Huzman,Alexander} d5 2. c4 e6 3. Nf3 dxc4 4. e4 b5 5. a4 c6 6. axb5 cxb5 7. b3 Nf6 8. e5 Ne4 9. bxc4 Bb4+ 10. Nbd2 Nc6 11. Bd3 ({RR} 11. d5 exd5 12. cxb5 Qb6 13. Qe2 Nd4 14. Nxd4 Qxd4 15. Rb1 Nc3 16. Rxb4 Qxb4 17. Qd3 Bd7 18. Qg3 O-O 19. Bd3 Bxb5 20. O-O Rac8 21. Qe3 d4 22. Qf3 Rfe8 23. Qb7 Rb8 24. Qf3 Rxe5 25. Qg3 Rbe8 {Khafizova,D (2285)-Styazhkina,A (2149) Sochi RUS 2026 0-1 (31)}) 11... Nc3 $146 ({RR} 11... Nc5 12. dxc5 ({RR} 12. Be2 Nxd4 13. O-O Bc3 14. Nxd4 Qxd4 15. Ra2 b4) 12... Qxd3 13. cxb5 Qxb5 ({RR} 13... Nd4 14. Nxd4 ({RR} 14. Ra2 Qe4+ 15. Kf1 Qd3+ 16. Ke1 Nxb5 17. Qc2 Qd5) 14... Qxd4 15. Rb1 Qxe5+ ({RR} 15... Bxc5 16. Qe2 ({RR} 16. O-O Qxe5 17. Bb2 Qf5 18. Nb3 Bb6 19. Nd4 Qf4) 16... Bb7 17. O-O O-O 18. Bb2 Qf4) 16. Qe2 Qxe2+ 17. Kxe2 Bxc5 18. Ne4 Be7 19. Rd1 Bb7 20. Nd6+ Bxd6 21. Rxd6 Bxg2 22. f3 Bh3 23. Be3 Ke7 24. Ra6) 14. Qe2 Qxe2+ 15. Kxe2 a5 ({RR} 15... Bxc5 16. Ne4 Nd4+ 17. Nxd4 Bxd4 18. Nd6+ ({RR} 18. Ra5 Bb6) 18... Ke7 19. Ra5 Bc3 20. Rc5 Ba6+ 21. Ke3 Bxe5 22. Nxf7 Kxf7 23. Rxe5) 16. Ne4 Ba6+ 17. Ke3 O-O-O ({RR} 17... O-O 18. Ba3 Rfd8 19. Bxb4 Rd3+ 20. Kf4 axb4 21. Nd6 Ne7) 18. Nd6+ Kc7 19. Ba3 Bc3 20. Rab1 Ne7 21. Rhd1 ({RR} 21. Ng5 Nd5+ 22. Kf3 h6 23. Ngxf7 Rhf8 24. Kg3 Rd7) 21... Nd5+ 22. Rxd5 exd5 23. Rb3 d4+ {½-½ (23) Beliavsky,A (2649)-Kharlov,A (2638) Ljubljana 2002 CBM 088 [Huzman,Alexander]} {RR} 24. Nxd4 Bxd4+ 25. Kxd4) 12. Qc2 Nxd4 13. Nxd4 Qxd4 14. O-O Bb7 15. Nb3 Qxe5 16. Na5 Bxa5 17. Rxa5 Rd8 18. Rxa7 Bxg2 19. Kxg2 Qd4 20. cxb5 Qg4+ 21. Kh1 Qf3+ 22. Kg1 Rxd3 23. Ra8+ Ke7 24. Ra7+ Kf6 25. Bb2 Rc8 26. Ra3 e5 27. Rxc3 Rcxc3 28. Bxc3 Rxc3 29. Qd1 Qxd1 30. Rxd1 Rb3 31. Rd6+ Kf5 32. Rd7 Kg6 33. Rb7 h5 34. b6 h4 35. Rb8 f6 36. b7 Kg5 37. h3 g6 38. Kg2 f5 39. Re8 Rxb7 40. Rxe5 Kf4 41. Ra5 Rb4 42. Ra6 g5 43. Rf6 Rb2 44. Rf8 Ke4 45. Re8+ Kf4 46. Rf8 Rb3 47. Rf7 g4 48. hxg4 h3+ 49. Kh2 Kxg4 50. Rg7+ Kf4 51. Rf7 Ke4 52. Rf8 f4 53. Ra8 Kf3 54. Kxh3 Kxf2+ 55. Kh2 Rb2 56. Ra1 f3 57. Kh3 Re2 58. Kh2 Re3 59. Kh3 Re1 60. Ra2+ Kf1 61. Kg3 Re2 62. Ra1+ Re1 63. Rxe1+ Kxe1 64. Kxf3 1/2-1/2